000 00654pam a2200229 a 4500
001 1180597
005 20180110072637.0
008 970514s1998 njua b 001 0 eng
010 _a 97019715
020 _a0137512236
040 _aDLC
_cDLC
_dDLC
041 _aeng
080 _a658.15
082 0 0 _a658.15 HOR
_221
100 1 _a55
101 _aMNGF
245 1 0 _aFinancial management and policy /
_cJames C. Van Horne.
504 _aIncludes bibliographical references and index.
906 _a7
_bcbc
_corignew
_d1
_eocip
_f19
_gy-gencatlg
942 _2ddc
_cBK
999 _c39992
_d39992